000 00572nam a2200217Ia 4500
003 OSt
005 20220918223034.0
006 a|||||r|||| 00| 0
007 ta
008 220917b |||||||| |||| 00| 0 eng d
024 _a219,850
037 _cTextual
040 _aARTS
_cARTS
_beng
041 _2eng
_aeng
082 _aV613:23p, K2.3
245 0 _aFederation of Rhodesia and Nyasaland
_b Parliamentary Debates Federal Assembly
300 _a193p.
_ccm.
650 _aHISTORY
942 _hV613:23p, K2.3
_cTEXL
_2CC
999 _c277155
_d277155